000 00985nam a2200301 i 4500
003 DO-SdBNP
005 20250407131550.0
007 ta
008 250407b1975 sp a|||| |||| 00| 0 spa d
020 _a8401330769
040 _aDO-SdBNP
_bspa
_cBNPHU
_erda
049 _aBNGR
082 4 _axxx
_bL313e
_222
100 1 _aLapierre, Dominique,
_d1931-
_eautor
_4aut.
_913390
245 1 0 _aMás grandes que el amor /
_cDominique Lapierre ; traducción, Adolfo Martin
250 _aTercera edición
264 4 _aBarcelona :
_bLarry Collins and Pressinter, S.A.,
_c©1975.
300 _a475 páginas :
_bilustraciones ;
_c22 cm.
336 _atexto
_btxt
_2rdacontent
337 _asin mediación
_bn
_2rdamedia
338 _avolumen
_bnc
_2rdacarrier
500 _aIncluye referencias bibliográficas y notas al pie de las páginas.
590 _aInventariado, 2025/BT
650 _91075
700 1 _aMartin, Adolfo,
_etraductor
_4tr.
_94033
910 _aBtavárez
942 _2ddc
_cLBS1
999 _c58647
_d58647